| 000 | 00571nam a2200193 a 4500 | ||
|---|---|---|---|
| 003 | OSt | ||
| 005 | 20240226155306.0 | ||
| 008 | 180228t pk | |||| 000 f urd d | ||
| 040 | _c0 | ||
| 082 |
_a891.4393 _bHAJ |
||
| 100 | 1 | 0 |
_aحجازی،نسيم _947098 |
| 245 | 1 | 0 |
_aمعظم علی _cNaseem Hajazi |
| 246 | _aMoazzam Ali | ||
| 260 |
_aLahore: _bJahangir Books; |
||
| 300 | _a559 p. | ||
| 650 |
_aUrdu literature _vNoval _9121292 |
||
| 942 |
_2ddc _cBK _aSADA _k891.4393 HAJ |
||
| 999 |
_c608260 _d608260 |
||